000
00296nam a2200145Ia 4500
100
_a
KIR/DHANANJAY
650
_a
General
942
_c
BK
366
_f
20
245
_a
SWATANTRYAVEER SAVARKAR
260
_b
Popular Prakashan
_c
2012
082
_a
920/KIR
300
_a
476
546
_a
ENGLISH
999
_c
23177
_d
23177